| 000 | 006570000a22002170004500 | ||
|---|---|---|---|
| 003 | LK-CoMWRAF | ||
| 005 | 20240106100219.0 | ||
| 008 | 230817t2004 ||||| |||| 00| 0 eng d | ||
| 020 | _a9559102729 | ||
| 040 |
_aLK-CoMWRAF _dLK-CoMWRAF _eLK-CoMWRAF |
||
| 041 | _aeng | ||
| 082 |
_a346.5493 _bSAT |
||
| 100 | _aSatkunanathan, Ambika | ||
| 245 |
_aTesawalamai: _b protection of community rights or discrimination of women? |
||
| 260 |
_aColombo : _bSocial Scientists' Association, _c2004 |
||
| 300 | _a15 p. ; 29 cm. | ||
| 490 | _aWomen & the law | ||
| 650 | _a Women--Legal status, laws,-Sri Lanka | ||
| 650 | _aCustomary law--Sri Lanka | ||
| 942 | _cBK | ||
| 999 |
_c680 _d680 |
||